|
|
|
|
| LEADER |
01201nam a2200289 a 4500 |
| 001 |
GR-Patra33128 |
| 008 |
120928s gr g b 001 0 eng d |
| 020 |
|
|
|a 9780443102332
|
| 040 |
|
|
|a GrPaTEI
|b gre
|c GR-PaULI
|
| 040 |
|
|
|a GrPaTEI
|b gre
|c GR-PaULI
|
| 082 |
|
0 |
|a 618.97
|2 22
|
| 245 |
0 |
0 |
|a Geriatric rehabilitation manual ; edited by Timothy L. Kauffman ; John O. Barr.
|
| 250 |
|
|
|a 2nd ed.
|
| 260 |
|
|
|a Edinburgh :
|b Churchill Livingstone,
|c 2007
|
| 300 |
|
|
|a xxi, 558σ. :
|b εικ.
|
| 500 |
|
|
|a Το αντίτυπο με αριθμ εισαγ. 52079 βρίσκεται στη Βιβλιοθήκη του Παραρτήματος Αιγίου
|
| 504 |
|
|
|a Περιλαμβάνει βιβλιογραφίες και ευρετήριο.
|
| 650 |
|
0 |
|a Older people
|x Rehabilitation
|
| 650 |
|
0 |
|a REHABILITATION
|
| 700 |
1 |
|
|a Barr, John O.
|
| 700 |
1 |
|
|a Kauffman, Timothy L.
|
| 700 |
1 |
|
|a Moran, Michael J.
|
| 710 |
0 |
|
|a Churchill Livingstone
|
| 942 |
|
|
|2 ddc
|
| 952 |
|
|
|0 0
|1 0
|2 ddc
|4 0
|6 618_970000000000000_KAU
|7 0
|9 368427
|a LISP
|b LISP
|c BSC
|d 2023-02-06
|i 52079
|l 0
|o 618.97 KAU
|p 025000297892
|r 2023-02-06 00:00:00
|t 1
|w 2023-02-06
|y BK15
|
| 971 |
|
|
|a .b26807002
|b 15-04-20
|c 26-09-16
|
| 999 |
|
|
|c 179671
|d 179671
|